Dorpen en steden Nederland - Statistieken

Algemene statistieken
  • Deze quiz is 8 keer genomen
  • De gemiddelde score is 15 van 82
Antwoordstatistieken
Gemeenten Dorp / stad % Correct
Zevenaar Zevenaar
88%
Berg en Dal Berg en Dal
75%
Beuningen Beuningen
75%
Druten Druten
75%
Tiel Tiel
75%
Wijchen Wijchen
75%
Zaltbommel Zaltbommel
63%
Heumen Heumen
50%
Nijmegen Nijmegen
50%
Berg en Dal Ooij
38%
Zevenaar Aerdt
25%
Zevenaar Babberich
25%
Berg en Dal Beek
25%
West Maas en Waal Beneden leeuwen
25%
West Maas en Waal Boven leeuwen
25%
Berg en Dal De Horst
25%
West Maas en Waal Dreumel
25%
Berg en Dal Erlecom
25%
Berg en Dal Groesbeek
25%
Berg en Dal Heilig Landstichting
25%
Zevenaar Herwen
25%
Berg en Dal Kekerdom
25%
Berg en Dal Leuth
25%
Zevenaar Lobith
25%
Heumen Malden
25%
Berg en Dal Millingen aan de Rijn
25%
Zevenaar Pannerden
25%
Berg en Dal Persingen
25%
Zevenaar Spijk
25%
Zevenaar Tolkamer
25%
Berg en Dal Ubbergen
25%
Beuningen Weurt
25%
Zaltbommel Aalst
13%
Druten Afferden
13%
West Maas en Waal Alphen
13%
West Maas en Waal Altforst
13%
Wijchen Alverna
13%
Zevenaar Angerlo
13%
West Maas en Waal Appeltern
13%
Wijchen Bergharen
13%
Berg en Dal Breedeweg
13%
Druten Deest
13%
Beuningen Ewijk
13%
Zevenaar Giesbeek
13%
Druten Horssen
13%
Zevenaar Lathum
13%
West Maas en Waal Maasbommel
13%
Heumen Nederasselt
13%
Zevenaar Oud-Zevenaar
13%
Heumen Overasselt
13%
Druten Puiflijk
13%
West Maas en Waal Wamel
13%
Beuningen Winssen
13%
Maasdriel Alem
0%
Maasdriel Ammerzoden
0%
Wijchen Balgoij
0%
Wijchen Batenburg
0%
Zaltbommel Bern
0%
Zaltbommel Brakel
0%
Zaltbommel Bruchem
0%
Zaltbommel Delwijnen
0%
Zaltbommel Gameren
0%
Maasdriel Hedel
0%
Maasdriel Heerewaarden
0%
Wijchen Hernen
0%
Maasdriel Hoenzadriel
0%
Maasdriel Hurwenen
0%
Tiel Kapel-Avezaath
0%
Maasdriel Kerkdriel
0%
Zaltbommel Kerkwijk
0%
Wijchen Leur
0%
Zaltbommel Nederhemert-Noord
0%
Zaltbommel Nederhemert-Zuid
0%
Zaltbommel Nieuwaal
0%
Wijchen Niftrik
0%
Zaltbommel Poederoijen
0%
Maasdriel Rossum
0%
Maasdriel Veldriel
0%
Tiel Wadenoijen
0%
Maasdriel Well
0%
Maasdriel Wellseind
0%
Zaltbommel Zuilichem
0%
Geen overeenkomende quizzen gevonden
Scoreverdeling
Procent van Mensen met Elke Score
Percentiel versus Aantal Correcte Antwoorden
Uw Scoregeschiedenis
U heeft deze quiz nog niet genomen